| 000 | 00593nam a2200241Ia 4500 | ||
|---|---|---|---|
| 003 | OSt | ||
| 005 | 20220918204054.0 | ||
| 006 | a|||||r|||| 00| 0 | ||
| 007 | ta | ||
| 008 | 220917b |||||||| |||| 00| 0 eng d | ||
| 024 | _a110,885 | ||
| 037 | _cTextual | ||
| 040 |
_aARTS _cARTS _beng |
||
| 041 |
_2eng _aeng |
||
| 082 | _aV53.N, N3 | ||
| 100 |
_aWinchester H P M _9110610 |
||
| 245 | 0 | _aContemporary France | |
| 260 |
_aLOngman _c1993 |
||
| 300 |
_axiii, 274p. _ccm. |
||
| 650 | _aHISTORY | ||
| 942 |
_hV53.N, N3 _cTEXL _2CC |
||
| 999 |
_c234235 _d234235 |
||